[Event "Women's Baku Chess Olympiad"]
[Site "chess24.com"]
[Date "2016.09.06"]
[Round "5"]
[White "Kremer, Nadine"]
[Black "Narva, Regina"]
[Result "0-1"]
[Board "4"]
[WhiteID "4002970"]
[WhiteElo "1844"]
[WhiteCountry "LUX"]
[WhiteFideId "4002970"]
[WhiteEloChange "-6"]
[BlackID "4500237"]
[BlackElo "2009"]
[BlackTitle "WFM"]
[BlackCountry "EST"]
[BlackFideId "4500237"]
[BlackEloChange "6"]

1. e4 {[%clk 1:30:57]} c5 {[%clk 1:30:50]} 2. Nf3 {[%clk 1:31:17]} d6 {[%clk
1:30:46]} 3. Bb5+ {[%clk 1:31:23]} Bd7 {[%clk 1:30:43]} 4. Bxd7+ {[%clk 1:31:41]}
Qxd7 {[%clk 1:31:08]} 5. c4 {[%clk 1:31:36]} Nc6 {[%clk 1:28:27]} 6. d4 {[%clk
1:29:37]} cxd4 {[%clk 1:27:58]} 7. Nxd4 {[%clk 1:29:57]} g6 {[%clk 1:28:06]} 8.
b3 {[%clk 1:20:25]} Bg7 {[%clk 1:25:37]} 9. Bb2 {[%clk 1:20:48]} Nf6 {[%clk
1:24:55]} 10. Nc3 {[%clk 1:17:51]} O-O {[%clk 1:20:45]} 11. O-O {[%clk 1:16:11]}
Nh5 {[%clk 0:46:56]} 12. Nxc6 {[%clk 1:12:22]} bxc6 {[%clk 0:46:35]} 13. Re1
{[%clk 1:05:41]} Rad8 {[%clk 0:44:48]} 14. Qd2 {[%clk 1:02:13]} Qg4 {[%clk
0:42:32]} 15. f3 {[%clk 0:57:41]} Qf4 {[%clk 0:38:35]} 16. Rad1 {[%clk 0:50:48]}
Be5 {[%clk 0:34:14]} 17. Qxf4 {[%clk 0:47:52]} Nxf4 {[%clk 0:34:14]} 18. Na4
{[%clk 0:45:56]} Bxb2 {[%clk 0:32:58]} 19. Nxb2 {[%clk 0:46:23]} Ne6 {[%clk
0:32:47]} 20. Rd2 {[%clk 0:41:44]} f6 {[%clk 0:30:45]} 21. Kf2 {[%clk 0:37:51]}
c5 {[%clk 0:28:30]} 22. Nd3 {[%clk 0:28:08]} Rb8 {[%clk 0:27:34]} 23. h4 {[%clk
0:24:29]} Rb6 {[%clk 0:25:23]} 24. f4 {[%clk 0:23:17]} Nd4 {[%clk 0:24:42]} 25.
Kg3 {[%clk 0:15:19]} e5 {[%clk 0:19:45]} 26. Rf1 {[%clk 0:10:41]} Rbb8 {[%clk
0:17:54]} 27. Ne1 {[%clk 0:08:00]} Rbe8 {[%clk 0:17:13]} 28. Nc2 {[%clk 0:06:35]}
Kg7 {[%clk 0:15:18]} 29. Re1 {[%clk 0:03:10]} Rf7 {[%clk 0:14:19]} 30. Ne3 {[%clk
0:02:34]} exf4+ {[%clk 0:07:05]} 31. Kxf4 {[%clk 0:03:02]} g5+ {[%clk 0:07:17]}
32. hxg5 {[%clk 0:01:22]} fxg5+ {[%clk 0:07:42]} 33. Kxg5 {[%clk 0:00:53]} Re5+
{[%clk 0:04:57]} 34. Kg4 {[%clk 0:00:35]} Rxe4+ {[%clk 0:05:03]} 35. Kh3 {[%clk
0:00:48]} Rfe7 {[%clk 0:04:00]} 36. Rxd4 {[%clk 0:00:35]} cxd4 {[%clk 0:03:36]}
37. Nf5+ {[%clk 0:00:53]} Kf8 {[%clk 0:03:07]} 38. Rxe4 {[%clk 0:00:45]} Rxe4
{[%clk 0:03:26]} 39. Nxd6 {[%clk 0:01:12]} Re3+ {[%clk 0:02:45]} 40. Kg4 {[%clk
0:30:34]} d3 {[%clk 0:32:35]} 41. Kf4 {[%clk 0:27:46]} d2 {[%clk 0:31:11]} 42.
Kxe3 {[%clk 0:28:08]} d1Q {[%clk 0:31:33]} 43. Ne4 {[%clk 0:28:16]} Qc1+ {[%clk
0:30:35]} 44. Kd4 {[%clk 0:28:32]} Qb2+ {[%clk 0:30:51]} 45. Kd5 {[%clk 0:28:38]}
Qxa2 {[%clk 0:28:59]} 46. b4 {[%clk 0:28:50]} Qxg2 {[%clk 0:27:58]} 47. b5 {[%clk
0:28:25]} Ke7 {[%clk 0:27:17]} 48. c5 {[%clk 0:26:08]} Qa2+ {[%clk 0:26:51]} 49.
Kc6 {[%clk 0:26:03]} Qg2 {[%clk 0:23:25]} 50. Kd5 {[%clk 0:26:01]} Qg8+ {[%clk
0:20:48]} 51. Kd4 {[%clk 0:24:28]} Qd8+ {[%clk 0:20:19]} 52. Kc4 {[%clk 0:23:21]}
h5 {[%clk 0:20:02]} 53. Nc3 {[%clk 0:22:00]} h4 {[%clk 0:18:38]} 54. b6 {[%clk
0:22:16]} axb6 {[%clk 0:18:11]} 55. cxb6 {[%clk 0:22:44]} Qc8+ {[%clk 0:17:07]}
56. Kd4 {[%clk 0:22:44]} 0-1

[Event "Women's Baku Chess Olympiad"]
[Site "chess24.com"]
[Date "2016.09.06"]
[Round "5"]
[White "Tan, Li Ting"]
[Black "Aseel , Odeh"]
[Result "1-0"]
[Board "1"]
[WhiteID "5704820"]
[WhiteElo "1993"]
[WhiteTitle "WFM"]
[WhiteCountry "MAS"]
[WhiteFideId "5704820"]
[WhiteEloChange "2"]
[BlackID "8105529"]
[BlackElo "1547"]
[BlackTitle "CM"]
[BlackCountry "JOR"]
[BlackFideId "8105529"]
[BlackEloChange "-2"]

1. d4 {[%clk 1:30:54]} d5 {[%clk 1:30:54]} 2. c4 {[%clk 1:31:00]} c6 {[%clk
1:31:16]} 3. Nf3 {[%clk 1:31:24]} Nf6 {[%clk 1:31:26]} 4. Nc3 {[%clk 1:30:39]}
Bf5 {[%clk 1:31:15]} 5. cxd5 {[%clk 1:30:13]} Nxd5 {[%clk 1:26:00]} 6. Qb3 {[%clk
1:27:31]} Nxc3 {[%clk 1:22:17]} 7. bxc3 {[%clk 1:26:51]} Qb6 {[%clk 1:20:06]} 8.
Nd2 {[%clk 1:06:34]} e6 {[%clk 1:13:37]} 9. Nc4 {[%clk 1:03:15]} Qc7 {[%clk
0:56:37]} 10. g3 {[%clk 0:58:43]} b5 {[%clk 0:46:36]} 11. Ne3 {[%clk 0:42:58]}
Be4 {[%clk 0:41:37]} 12. f3 {[%clk 0:35:58]} Bd5 {[%clk 0:37:02]} 13. Nxd5 {[%clk
0:35:03]} exd5 {[%clk 0:35:13]} 14. a4 {[%clk 0:25:35]} Qa5 {[%clk 0:24:58]} 15.
Bd2 {[%clk 0:18:03]} Na6 {[%clk 0:21:23]} 16. e3 {[%clk 0:14:23]} Rb8 {[%clk
0:16:47]} 17. Kf2 {[%clk 0:10:26]} Nc7 {[%clk 0:11:40]} 18. Be2 {[%clk 0:07:34]}
Qb6 {[%clk 0:08:53]} 19. axb5 {[%clk 0:05:32]} cxb5 {[%clk 0:08:11]} 20. Qa2
{[%clk 0:04:28]} a6 {[%clk 0:07:42]} 21. Qa5 {[%clk 0:03:31]} Be7 {[%clk
0:06:44]} 22. Qxb6 {[%clk 0:03:46]} Rxb6 {[%clk 0:07:12]} 23. e4 {[%clk 0:03:40]}
O-O {[%clk 0:07:11]} 24. Rhb1 {[%clk 0:03:22]} Rfb8 {[%clk 0:06:34]} 25. Ra2
{[%clk 0:02:04]} dxe4 {[%clk 0:06:28]} 26. fxe4 {[%clk 0:02:28]} Ra8 {[%clk
0:04:29]} 27. Bf4 {[%clk 0:01:35]} Ne6 {[%clk 0:04:34]} 28. Rxb5 {[%clk 0:01:15]}
Rxb5 {[%clk 0:04:13]} 29. Bxb5 {[%clk 0:01:41]} Nxf4 {[%clk 0:04:34]} 30. gxf4
{[%clk 0:02:02]} a5 {[%clk 0:04:42]} 31. Ke3 {[%clk 0:02:16]} Bd8 {[%clk
0:04:41]} 32. c4 {[%clk 0:02:04]} Bc7 {[%clk 0:04:52]} 33. c5 {[%clk 0:01:45]}
Rb8 {[%clk 0:04:42]} 34. Bc4 {[%clk 0:01:36]} Rb4 {[%clk 0:04:56]} 35. Rc2 {[%clk
0:02:00]} a4 {[%clk 0:04:47]} 36. d5 {[%clk 0:02:18]} a3 {[%clk 0:04:18]} 37. d6
{[%clk 0:02:30]} Bd8 {[%clk 0:04:36]} 38. c6 {[%clk 0:01:57]} Bb6+ {[%clk
0:01:42]} 39. Kd3 {[%clk 0:02:14]} Ba5 {[%clk 0:00:52]} 40. c7 {[%clk 0:32:26]}
Bxc7 {[%clk 0:30:45]} 41. dxc7 {[%clk 0:32:51]} Rb5 {[%clk 0:31:02]} 42. c8Q#
{[%clk 0:33:14]} 1-0

[Event "Women's Baku Chess Olympiad"]
[Site "chess24.com"]
[Date "2016.09.06"]
[Round "5"]
[White "Nomalungelo, Mathe"]
[Black "Bhatia, Kanwal K"]
[Result "*"]
[Board "4"]
[WhiteID "11001178"]
[WhiteElo "1574"]
[WhiteCountry "ZIM"]
[WhiteFideId "11001178"]
[BlackID "407496"]
[BlackElo "2133"]
[BlackTitle "WFM"]
[BlackCountry "ENG"]
[BlackFideId "407496"]

1. e4 {[%clk 1:30:54]} e5 {[%clk 1:30:55]} 2. Nf3 {[%clk 1:31:16]} Nc6 {[%clk
1:31:21]} 3. Bc4 {[%clk 1:31:21]} Bc5 {[%clk 1:31:44]} 4. O-O {[%clk 1:31:32]}
Nf6 {[%clk 1:30:40]} 5. Nc3 {[%clk 1:30:30]} d6 {[%clk 1:30:28]} 6. h3 {[%clk
1:30:10]} h6 {[%clk 1:30:31]} 7. a3 {[%clk 1:30:28]} a6 {[%clk 1:30:33]} 8. d3
{[%clk 1:30:37]} Ba7 {[%clk 1:20:41]} 9. Ba2 {[%clk 1:28:55]} Be6 {[%clk
1:19:25]} 10. Be3 {[%clk 1:28:27]} g5 {[%clk 1:15:41]} 11. d4 {[%clk 1:19:37]}
Bxa2 {[%clk 1:15:12]} 12. Rxa2 {[%clk 1:17:53]} Qe7 {[%clk 1:13:12]} 13. d5
{[%clk 1:14:10]} Nb8 {[%clk 1:11:27]} 14. Nh2 {[%clk 1:03:00]} Nbd7 {[%clk
1:09:12]} 15. Bxa7 {[%clk 1:02:28]} Rxa7 {[%clk 1:09:37]} 16. f3 {[%clk 1:00:11]}
Ra8 {[%clk 1:08:54]} 17. Qe2 {[%clk 0:56:29]} Nf8 {[%clk 1:04:29]} 18. Nd1 {[%clk
0:52:28]} Ng6 {[%clk 1:03:03]} 19. Ne3 {[%clk 0:49:30]} Nf4 {[%clk 0:59:58]} 20.
Qd1 {[%clk 0:47:01]} h5 {[%clk 0:55:10]} 21. Re1 {[%clk 0:38:09]} Qf8 {[%clk
0:50:54]} 22. Qd2 {[%clk 0:33:18]} Qh6 {[%clk 0:47:20]} 23. Nf5 {[%clk 0:27:23]}
Qg6 {[%clk 0:38:43]} 24. c4 {[%clk 0:21:24]} g4 {[%clk 0:37:31]} 25. h4 {[%clk
0:13:21]} gxf3 {[%clk 0:36:20]} 26. Nxf3 {[%clk 0:13:24]} Nxe4 {[%clk 0:32:05]}
27. Rxe4 {[%clk 0:10:01]} Qxf5 {[%clk 0:32:25]} 28. Qe3 {[%clk 0:08:55]} Kd7
{[%clk 0:24:23]} 29. b3 {[%clk 0:07:25]} Rhg8 {[%clk 0:22:45]} 30. Rxf4 {[%clk
0:03:14]} exf4 {[%clk 0:21:10]} *

[Event "Women's Baku Chess Olympiad"]
[Site "chess24.com"]
[Date "2016.09.06"]
[Round "5"]
[White "Barbier, Wiebke"]
[Black "Rinne, Heini"]
[Result "*"]
[Board "3"]
[WhiteID "207977"]
[WhiteElo "2008"]
[WhiteCountry "BEL"]
[WhiteFideId "207977"]
[BlackID "513423"]
[BlackElo "1751"]
[BlackCountry "FIN"]
[BlackFideId "513423"]

1. e4 {[%clk 1:30:57]} c6 {[%clk 1:30:54]} 2. d3 {[%clk 1:31:23]} d5 {[%clk
1:31:17]} 3. Nd2 {[%clk 1:31:49]} g6 {[%clk 1:31:41]} 4. Ngf3 {[%clk 1:32:11]}
Bg7 {[%clk 1:31:24]} 5. a4 {[%clk 1:30:14]} e5 {[%clk 1:27:51]} 6. a5 {[%clk
1:30:03]} Ne7 {[%clk 1:25:46]} 7. Be2 {[%clk 1:30:17]} O-O {[%clk 1:24:27]} 8.
O-O {[%clk 1:30:38]} f5 {[%clk 1:14:57]} 9. c3 {[%clk 1:28:22]} h6 {[%clk
1:04:04]} 10. b3 {[%clk 1:27:59]} Nd7 {[%clk 0:56:17]} 11. Ba3 {[%clk 1:25:30]}
Rf7 {[%clk 0:55:32]} 12. Bd6 {[%clk 1:21:00]} g5 {[%clk 0:49:47]} 13. h3 {[%clk
1:01:42]} Ng6 {[%clk 0:49:03]} 14. exf5 {[%clk 0:51:22]} Rxf5 {[%clk 0:49:22]}
15. Nh2 {[%clk 0:45:11]} Ndf8 {[%clk 0:38:06]} 16. Ba3 {[%clk 0:41:08]} Nf4
{[%clk 0:33:46]} 17. Bg4 {[%clk 0:37:37]} Rf7 {[%clk 0:32:35]} 18. Ndf3 {[%clk
0:36:13]} Bf5 {[%clk 0:28:01]} 19. Bxf5 {[%clk 0:31:53]} Rxf5 {[%clk 0:28:24]}
20. Re1 {[%clk 0:29:24]} e4 {[%clk 0:18:43]} 21. dxe4 {[%clk 0:22:56]} dxe4
{[%clk 0:19:05]} 22. Nd4 {[%clk 0:21:53]} Rd5 {[%clk 0:16:42]} 23. b4 {[%clk
0:16:13]} Bxd4 {[%clk 0:09:06]} 24. cxd4 {[%clk 0:16:19]} Rxd4 {[%clk 0:09:25]}
25. Qb3+ {[%clk 0:16:24]} Qd5 {[%clk 0:09:45]} 26. Qxd5+ {[%clk 0:16:10]} cxd5
{[%clk 0:09:44]} 27. Ng4 {[%clk 0:15:45]} Kh7 {[%clk 0:07:12]} *

[Event "Women's Baku Chess Olympiad"]
[Site "chess24.com"]
[Date "2016.09.06"]
[Round "5"]
[White "Mirza, Diana"]
[Black "Joshi, Sindira"]
[Result "1/2-1/2"]
[Board "1"]
[WhiteID "2503999"]
[WhiteElo "1948"]
[WhiteTitle "WCM"]
[WhiteCountry "IRL"]
[WhiteFideId "2503999"]
[WhiteEloChange "-8"]
[BlackID "12312754"]
[BlackElo "1574"]
[BlackCountry "NEP"]
[BlackFideId "12312754"]
[BlackEloChange "8"]

1. e4 {[%clk 1:30:57]} e5 {[%clk 1:30:53]} 2. Nf3 {[%clk 1:31:22]} Nf6 {[%clk
1:31:15]} 3. Nxe5 {[%clk 1:31:45]} d6 {[%clk 1:31:38]} 4. Nf3 {[%clk 1:32:09]}
Nxe4 {[%clk 1:31:55]} 5. Nc3 {[%clk 1:31:43]} Nxc3 {[%clk 1:31:59]} 6. dxc3
{[%clk 1:32:07]} Be7 {[%clk 1:32:06]} 7. Bf4 {[%clk 1:31:18]} O-O {[%clk
1:31:59]} 8. Qd2 {[%clk 1:31:20]} Be6 {[%clk 1:30:48]} 9. Bd3 {[%clk 1:30:24]}
Qd7 {[%clk 1:22:51]} 10. Nd4 {[%clk 1:23:11]} Bf6 {[%clk 1:17:35]} 11. O-O {[%clk
1:18:35]} Bxd4 {[%clk 1:14:26]} 12. cxd4 {[%clk 1:18:57]} Bf5 {[%clk 1:14:35]}
13. Rfe1 {[%clk 1:16:54]} Bxd3 {[%clk 1:13:35]} 14. Qxd3 {[%clk 1:17:15]} Nc6
{[%clk 1:12:57]} 15. d5 {[%clk 1:15:21]} Ne7 {[%clk 1:11:35]} 16. Re4 {[%clk
1:05:45]} Ng6 {[%clk 1:07:37]} 17. Bg3 {[%clk 1:05:08]} Rfe8 {[%clk 1:06:53]} 18.
Rae1 {[%clk 1:04:59]} Rxe4 {[%clk 1:00:16]} 19. Qxe4 {[%clk 1:05:08]} Kf8 {[%clk
0:57:14]} 20. f3 {[%clk 1:01:00]} Re8 {[%clk 0:55:39]} 21. Qxe8+ {[%clk 1:01:21]}
Qxe8 {[%clk 0:55:59]} 22. Rxe8+ {[%clk 1:01:47]} Kxe8 {[%clk 0:56:24]} 23. Bf2
{[%clk 1:01:51]} a6 {[%clk 0:56:24]} 24. Bd4 {[%clk 1:01:20]} f6 {[%clk 0:56:09]}
25. c4 {[%clk 1:00:07]} Ne5 {[%clk 0:54:30]} 26. Bxe5 {[%clk 0:56:08]} dxe5
{[%clk 0:54:29]} 27. b4 {[%clk 0:54:08]} Kd7 {[%clk 0:52:03]} 28. c5 {[%clk
0:52:47]} b6 {[%clk 0:51:06]} 29. Kf2 {[%clk 0:51:44]} h5 {[%clk 0:44:40]} 30. g4
{[%clk 0:45:29]} hxg4 {[%clk 0:43:18]} 31. fxg4 {[%clk 0:45:55]} g5 {[%clk
0:41:43]} 32. Kg3 {[%clk 0:45:20]} a5 {[%clk 0:39:32]} 33. a3 {[%clk 0:45:37]}
axb4 {[%clk 0:39:18]} 34. axb4 {[%clk 0:46:06]} bxc5 {[%clk 0:38:51]} 35. bxc5
{[%clk 0:46:34]} Ke7 {[%clk 0:36:55]} 36. h4 {[%clk 0:45:59]} gxh4+ {[%clk
0:35:29]} 37. Kxh4 {[%clk 0:46:27]} Kd7 {[%clk 0:32:22]} 38. Kg3 {[%clk 0:44:05]}
Kc8 {[%clk 0:31:15]} 39. Kf3 {[%clk 0:44:11]} Kb7 {[%clk 0:31:35]} 40. Ke4 {[%clk
1:13:58]} Ka6 {[%clk 1:01:24]} 41. g5 {[%clk 1:13:38]} fxg5 {[%clk 1:01:31]} 42.
Kxe5 {[%clk 1:13:34]} g4 {[%clk 1:00:46]} 43. d6 {[%clk 1:09:50]} cxd6+ {[%clk
1:01:03]} 44. Kxd6 {[%clk 1:06:59]} g3 {[%clk 0:59:15]} 45. c6 {[%clk 1:07:21]}
g2 {[%clk 0:59:40]} 46. c7 {[%clk 1:07:48]} g1Q {[%clk 0:59:40]} 47. c8Q+ {[%clk
1:07:26]} Kb5 {[%clk 0:59:06]} 1/2-1/2

[Event "Women's Baku Chess Olympiad"]
[Site "chess24.com"]
[Date "2016.09.06"]
[Round "5"]
[White "Frijde, Reyna"]
[Black "Nikolovska, Dragana"]
[Result "*"]
[Board "3"]
[WhiteID "8200335"]
[WhiteElo "1605"]
[WhiteTitle "WCM"]
[WhiteCountry "SUR"]
[WhiteFideId "8200335"]
[BlackID "15000133"]
[BlackElo "1886"]
[BlackCountry "MKD"]
[BlackFideId "15000133"]

1. e4 {[%clk 1:30:53]} c5 {[%clk 1:30:52]} 2. Nf3 {[%clk 1:31:16]} d6 {[%clk
1:31:15]} 3. d4 {[%clk 1:31:40]} cxd4 {[%clk 1:31:36]} 4. Nxd4 {[%clk 1:32:03]}
Nf6 {[%clk 1:31:58]} 5. Nc3 {[%clk 1:32:22]} g6 {[%clk 1:32:11]} 6. f3 {[%clk
1:32:16]} Bg7 {[%clk 1:32:20]} 7. Be3 {[%clk 1:32:34]} Nc6 {[%clk 1:32:33]} 8.
Qd2 {[%clk 1:32:30]} O-O {[%clk 1:32:48]} 9. O-O-O {[%clk 1:32:01]} Nxd4 {[%clk
1:22:37]} 10. Bxd4 {[%clk 1:30:25]} Be6 {[%clk 1:22:57]} 11. Kb1 {[%clk 1:28:46]}
Qc7 {[%clk 1:23:12]} 12. g4 {[%clk 1:23:43]} Rfc8 {[%clk 1:22:35]} 13. Be2 {[%clk
1:19:13]} Qa5 {[%clk 1:18:22]} 14. a3 {[%clk 1:11:37]} Rab8 {[%clk 1:15:17]} 15.
Nb5 {[%clk 1:09:28]} Qxd2 {[%clk 1:07:40]} 16. Rxd2 {[%clk 1:09:45]} a6 {[%clk
1:07:55]} 17. Nc3 {[%clk 1:08:54]} b5 {[%clk 1:06:09]} 18. g5 {[%clk 1:04:56]}
Nd7 {[%clk 1:01:05]} 19. Bxg7 {[%clk 1:04:41]} Kxg7 {[%clk 1:01:28]} 20. Nd5
{[%clk 0:59:41]} Kf8 {[%clk 0:54:49]} 21. h4 {[%clk 0:56:28]} Bxd5 {[%clk
0:26:10]} 22. Rxd5 {[%clk 0:56:07]} Nb6 {[%clk 0:26:13]} 23. Rd2 {[%clk 0:54:54]}
Na4 {[%clk 0:21:29]} 24. Rhd1 {[%clk 0:51:03]} b4 {[%clk 0:17:40]} 25. Ka1 {[%clk
0:36:19]} bxa3 {[%clk 0:12:16]} 26. bxa3 {[%clk 0:35:58]} Rc3 {[%clk 0:11:35]}
27. Rd3 {[%clk 0:34:33]} Rxc2 {[%clk 0:11:54]} 28. R3d2 {[%clk 0:34:08]} Rc3
{[%clk 0:08:55]} 29. Rd3 {[%clk 0:32:03]} a5 {[%clk 0:08:44]} 30. Rb1 {[%clk
0:25:12]} Rbc8 {[%clk 0:06:49]} 31. f4 {[%clk 0:19:32]} Rxd3 {[%clk 0:05:50]} 32.
Bxd3 {[%clk 0:19:44]} Rc3 {[%clk 0:06:15]} *

[Event "Women's Baku Chess Olympiad"]
[Site "chess24.com"]
[Date "2016.09.06"]
[Round "5"]
[White "Shibata, Misaki"]
[Black "Nunez Gonzalez, Neeshmy"]
[Result "0-1"]
[Board "4"]
[WhiteID "7001134"]
[WhiteElo "1638"]
[WhiteCountry "JPN"]
[WhiteFideId "7001134"]
[WhiteEloChange "-5"]
[BlackID "6504396"]
[BlackElo "1833"]
[BlackCountry "CRC"]
[BlackFideId "6504396"]
[BlackEloChange "5"]

1. d4 {[%clk 1:30:56]} Nf6 {[%clk 1:30:44]} 2. c4 {[%clk 1:31:21]} g6 {[%clk
1:31:05]} 3. Nc3 {[%clk 1:31:47]} Bg7 {[%clk 1:31:25]} 4. e4 {[%clk 1:32:09]} d6
{[%clk 1:31:38]} 5. f3 {[%clk 1:32:26]} O-O {[%clk 1:31:50]} 6. Be3 {[%clk
1:32:52]} b6 {[%clk 1:27:39]} 7. Bd3 {[%clk 1:31:39]} a6 {[%clk 1:24:53]} 8. Nge2
{[%clk 1:31:36]} c5 {[%clk 1:24:59]} 9. Qd2 {[%clk 1:29:39]} Nc6 {[%clk 1:22:13]}
10. O-O-O {[%clk 1:07:52]} Bd7 {[%clk 1:07:34]} 11. Kb1 {[%clk 0:58:29]} Rb8
{[%clk 1:01:26]} 12. d5 {[%clk 0:43:10]} Ne5 {[%clk 0:59:43]} 13. Nc1 {[%clk
0:43:11]} Nxd3 {[%clk 0:58:37]} 14. Nxd3 {[%clk 0:41:35]} Qc7 {[%clk 0:48:58]}
15. Bh6 {[%clk 0:39:41]} b5 {[%clk 0:47:40]} 16. cxb5 {[%clk 0:34:40]} axb5
{[%clk 0:47:24]} 17. h4 {[%clk 0:30:50]} b4 {[%clk 0:40:39]} 18. Ne2 {[%clk
0:30:27]} Qa5 {[%clk 0:11:18]} 19. Ndc1 {[%clk 0:25:40]} c4 {[%clk 0:07:02]} 20.
Qg5 {[%clk 0:19:34]} c3 {[%clk 0:03:28]} 21. Nb3 {[%clk 0:07:29]} Qa6 {[%clk
0:03:06]} 22. Ned4 {[%clk 0:07:35]} Ra8 {[%clk 0:02:39]} 23. Nc1 {[%clk 0:07:21]}
Rfc8 {[%clk 0:02:19]} 24. Nc2 {[%clk 0:03:41]} cxb2 {[%clk 0:02:06]} 25. Nxb4
{[%clk 0:03:10]} bxc1Q+ {[%clk 0:02:22]} 26. Rxc1 {[%clk 0:03:28]} Rcb8 {[%clk
0:02:22]} 0-1

[Event "Women's Baku Chess Olympiad"]
[Site "chess24.com"]
[Date "2016.09.06"]
[Round "5"]
[White "Fisher, Michelle M"]
[Black "Leon Sandoval, Johan"]
[Result "*"]
[Board "4"]
[WhiteID "14307553"]
[WhiteElo "1701"]
[WhiteTitle "WCM"]
[WhiteCountry "RSA"]
[WhiteFideId "14307553"]
[BlackID "6102387"]
[BlackElo "1703"]
[BlackCountry "NCA"]
[BlackFideId "6102387"]

1. e4 {[%clk 1:30:57]} g6 {[%clk 1:30:43]} 2. d4 {[%clk 1:31:22]} d6 {[%clk
1:31:08]} 3. f4 {[%clk 1:31:34]} Bg7 {[%clk 1:31:30]} 4. Nf3 {[%clk 1:31:49]} c6
{[%clk 1:31:24]} 5. Nc3 {[%clk 1:32:00]} b5 {[%clk 1:30:50]} 6. a3 {[%clk
1:30:33]} a5 {[%clk 1:30:44]} 7. Bd3 {[%clk 1:27:05]} Nh6 {[%clk 1:27:24]} 8. O-O
{[%clk 1:24:39]} f5 {[%clk 1:22:35]} 9. e5 {[%clk 1:20:30]} O-O {[%clk 1:20:29]}
10. Kh1 {[%clk 1:18:54]} Nf7 {[%clk 1:20:11]} 11. Qe2 {[%clk 1:15:26]} dxe5
{[%clk 1:09:39]} 12. dxe5 {[%clk 1:15:29]} e6 {[%clk 1:08:53]} 13. Be3 {[%clk
1:13:57]} Qc7 {[%clk 1:06:25]} 14. Qf2 {[%clk 1:07:52]} Nd7 {[%clk 1:03:19]} 15.
Ne2 {[%clk 1:03:37]} Bb7 {[%clk 1:00:32]} 16. Ned4 {[%clk 0:54:26]} Rfe8 {[%clk
0:58:42]} 17. Nb3 {[%clk 0:53:11]} a4 {[%clk 0:58:42]} 18. Nc5 {[%clk 0:53:11]}
Nxc5 {[%clk 0:48:55]} 19. Bxc5 {[%clk 0:53:25]} Rac8 {[%clk 0:46:02]} 20. Rad1
{[%clk 0:47:17]} Ba6 {[%clk 0:44:43]} 21. Rd2 {[%clk 0:42:15]} Bf8 {[%clk
0:39:27]} 22. Rfd1 {[%clk 0:41:24]} Bxc5 {[%clk 0:33:43]} 23. Qxc5 {[%clk
0:41:26]} Re7 {[%clk 0:31:38]} 24. Be2 {[%clk 0:36:54]} Rd8 {[%clk 0:28:14]} 25.
Rxd8+ {[%clk 0:28:48]} Nxd8 {[%clk 0:27:42]} 26. Nd4 {[%clk 0:28:21]} Rd7 {[%clk
0:23:37]} 27. Bf3 {[%clk 0:26:46]} Kf7 {[%clk 0:20:40]} 28. Rg1 {[%clk 0:22:54]}
Bb7 {[%clk 0:19:35]} 29. g4 {[%clk 0:18:23]} fxg4 {[%clk 0:16:07]} 30. Rxg4
{[%clk 0:18:29]} Ba8 {[%clk 0:14:07]} 31. Kg1 {[%clk 0:12:42]} *

[Event "Women's Baku Chess Olympiad"]
[Site "chess24.com"]
[Date "2016.09.06"]
[Round "5"]
[White "Prasad, Tanvi"]
[Black "Braganza, Nadia"]
[Result "0-1"]
[Board "3"]
[WhiteID "11401117"]
[WhiteElo "1339"]
[WhiteCountry "FIJ"]
[WhiteFideId "11401117"]
[WhiteEloChange "-8"]
[BlackID "4305337"]
[BlackElo "1392"]
[BlackCountry "NZL"]
[BlackFideId "4305337"]
[BlackEloChange "8"]

1. d4 {[%clk 1:30:56]} Nf6 {[%clk 1:30:40]} 2. Nf3 {[%clk 1:30:42]} g6 {[%clk
1:30:14]} 3. Nc3 {[%clk 1:30:20]} Bg7 {[%clk 1:29:34]} 4. e4 {[%clk 1:29:08]} d6
{[%clk 1:28:18]} 5. Bd2 {[%clk 1:28:20]} O-O {[%clk 1:26:33]} 6. Qc1 {[%clk
1:26:51]} Nbd7 {[%clk 1:17:48]} 7. Bh6 {[%clk 1:26:00]} e5 {[%clk 1:12:03]} 8.
Bxg7 {[%clk 1:24:32]} Kxg7 {[%clk 1:11:34]} 9. Be2 {[%clk 1:24:20]} Re8 {[%clk
0:58:30]} 10. dxe5 {[%clk 1:21:36]} dxe5 {[%clk 0:56:58]} 11. O-O {[%clk
1:21:42]} Nh5 {[%clk 0:47:16]} 12. Rd1 {[%clk 1:21:34]} Nf4 {[%clk 0:43:55]} 13.
Qe3 {[%clk 1:19:52]} c6 {[%clk 0:32:32]} 14. g3 {[%clk 1:19:49]} Nxe2+ {[%clk
0:30:28]} 15. Qxe2 {[%clk 1:17:53]} Qf6 {[%clk 0:29:04]} 16. Rd2 {[%clk 1:15:32]}
Nb6 {[%clk 0:26:53]} 17. Rad1 {[%clk 1:11:47]} Bh3 {[%clk 0:18:06]} 18. Ne1
{[%clk 1:11:43]} h5 {[%clk 0:13:28]} 19. Ng2 {[%clk 1:11:14]} Bg4 {[%clk
0:13:29]} 20. f3 {[%clk 1:11:29]} Bxf3 {[%clk 0:13:47]} 21. Qe1 {[%clk 1:09:35]}
Bxd1 {[%clk 0:14:08]} 22. Rxd1 {[%clk 1:09:42]} Rad8 {[%clk 0:14:25]} 23. Rxd8
{[%clk 1:09:55]} Rxd8 {[%clk 0:14:49]} 24. Nh4 {[%clk 1:06:15]} Qd6 {[%clk
0:12:20]} 25. Qe3 {[%clk 1:03:33]} Qd4 {[%clk 0:12:17]} 26. Qxd4 {[%clk 1:03:33]}
exd4 {[%clk 0:12:28]} 27. Ne2 {[%clk 1:03:40]} d3 {[%clk 0:12:29]} 28. cxd3
{[%clk 1:03:58]} Rxd3 {[%clk 0:12:42]} 29. Kf2 {[%clk 1:03:42]} Rd2 {[%clk
0:12:52]} 30. Kf3 {[%clk 1:03:39]} Rxb2 {[%clk 0:13:14]} 31. e5 {[%clk 1:03:47]}
Nc4 {[%clk 0:13:10]} 32. Kf4 {[%clk 1:04:00]} Rxe2 {[%clk 0:13:30]} 33. Nf3
{[%clk 1:04:08]} Rxa2 {[%clk 0:13:45]} 34. g4 {[%clk 1:03:59]} b5 {[%clk
0:13:17]} 35. g5 {[%clk 1:04:11]} b4 {[%clk 0:13:33]} 36. Nd4 {[%clk 1:04:16]}
Rxh2 {[%clk 0:12:40]} 37. e6 {[%clk 1:04:28]} fxe6 {[%clk 0:12:49]} 38. Nxe6+
{[%clk 1:04:43]} Kg8 {[%clk 0:13:01]} 39. Nd4 {[%clk 1:04:43]} a5 {[%clk
0:12:51]} 40. Nxc6 {[%clk 1:35:02]} b3 {[%clk 0:43:13]} 41. Nd4 {[%clk 1:35:07]}
b2 {[%clk 0:43:35]} 42. Kf3 {[%clk 1:35:13]} b1Q {[%clk 0:43:54]} 43. Kf4 {[%clk
1:35:21]} Rh4+ {[%clk 0:43:39]} 44. Kf3 {[%clk 1:35:21]} Qe4+ {[%clk 0:43:56]}
45. Kf2 {[%clk 1:35:52]} Qe3+ {[%clk 0:44:20]} 46. Kg2 {[%clk 1:36:08]} Rf4
{[%clk 0:43:58]} 47. Kh2 {[%clk 1:36:13]} Qf2+ {[%clk 0:44:02]} 48. Kh3 {[%clk
1:36:29]} Rh4# {[%clk 0:44:25]} 0-1